000 01742cam a22004694i 4500
003 PE-LiUPU
005 20250731172903.0
008 150706s r 000 0 d
020 _a0801030846
020 _a9780801030840
035 _a(Sirsi) a166032
040 _aPE-LiUPU
_bspa
_cPE-LiUPU
_erda
049 _aPRUA
082 0 4 _a266.0088297
_bR36
_223
100 1 _aReisacher, Evelyne A.,
_eautor.
245 1 0 _aJoyful witness in the Muslim world :
_bsharing the gospel in everyday encounters /
_cEvelyne A. Reisacher.
264 1 _aGrand Rapids, MI :
_bBaker Academic, a division of Baker Publishing Group,
_c2016.
300 _axix, 188 páginas ;
_c23 centímetros.
336 _atext
_2rdacontent
337 _aunmediated
_2rdamedia
338 _avolume
_2rdacarrier
505 0 _aToward joyful witness -- Muslim-Christian attachment -- Connecting with iMuslims -- Joyful witness through art -- Thinking green in sharing the gospel -- Caring for the needy -- Meeting Muslim urbanites -- Theological conversations.
526 _aSEG42
526 _aSEG41
526 _aSEG40
526 _aSEG39
526 _aP94
526 _aP87
526 _aP86
526 _aP85
526 _aP77
526 _aP76
526 _aP35
650 0 4 _aMisiones a los musulmanes.
650 0 4 _aTestigo que lleva (cristianismo)
650 0 4 _aCristianismo y cultura.
_91358
942 _2ddc
_cBOOK
994 _aC0
_bPEPRU
596 _a1
999 _a266.0088297 R36
_wLC
_c14770
_i75221
_d14770
_f2021-11-10
_g5
_lCCODEBUL1
_mBUL
_p22.99
_q1
_r0
_sY
_tBOOK
_u2017-1-12
_xTEOLOGIA
_PP85
_0COMPRA
_o.STAFF. Colección Teología
980 _81
_gALBERTO SANCHEZ Responsable de Automatización